Library Banner

Sports nutrition / (Record no. 140013)

MARC details
000 -LEADER
fixed length control field 00454nam a22001697a 4500
005 - DATE AND TIME OF LATEST TRANSACTION
control field 20260305132120.0
008 - FIXED-LENGTH DATA ELEMENTS--GENERAL INFORMATION
fixed length control field 260305b |||||||| |||| 00| 0 eng d
020 ## - INTERNATIONAL STANDARD BOOK NUMBER
International Standard Book Number 9781118275764 (hbk)
040 ## - CATALOGING SOURCE
Transcribing agency PK-LaUMT
082 ## - DEWEY DECIMAL CLASSIFICATION NUMBER
Classification number 613.711
Item number SPO-
245 ## - TITLE STATEMENT
Title Sports nutrition /
Statement of responsibility, etc edited by Ronald J. Maughan
250 ## - EDITION STATEMENT
Edition statement 2nd ed.
260 ## - PUBLICATION, DISTRIBUTION, ETC. (IMPRINT)
Place of publication, distribution, etc West Sussex :
Name of publisher, distributor, etc Wiley-Blackwell,
Date of publication, distribution, etc 2014
300 ## - PHYSICAL DESCRIPTION
Extent 666 p.
700 ## - ADDED ENTRY--PERSONAL NAME
Personal name Ronald J. Maughan
942 ## - ADDED ENTRY ELEMENTS (KOHA)
Koha item type Books
Holdings
Withdrawn status Lost status Damaged status Home library Current library Date acquired Full call number Barcode Date last seen Price effective from Koha item type
      UMT Health Sciences Campus UMT Health Sciences Campus 2026-03-05 613.711 SPO- 152120 2026-03-05 2026-03-05 Books